Paraguay Country Quiz - Statistics

General Stats
  • This quiz has been taken 25,062 times
    24,960 since last reset
  • The average score is 11 of 18
Answer Stats
Hint Answer % Correct
Bordering countries Argentina
99%
Bordering countries Brazil
99%
Official languages Spanish
99%
Bordering countries Bolivia
98%
Paraguay is one of only two America countries that is ... Landlocked
92%
Capital and largest city Asunción
90%
To the nearest whole number, the percent of Paraguay's power which comes from hydroelectricity 100
75%
Paraguay has 2.01 of these animals per person, a higher ratio than any country except Uruguay and New Zealand Cows
73%
Paraguay is home to the Capybara, the world's largest .... Rodent
70%
95% of people are this ethnic group, a mix of Spanish and Amerindian Mestizo
49%
Paraguay is the second-largest producer of this native plant used as a calorie-free sweetener (hint: starts with S) Stevia
44%
Bean which comprises 39% of Paraguay's exports Soybean
43%
Official languages Guaraní
40%
River that the Paraguay river flows into Paraná
35%
Another name for the Paraguayan War, in which Paraguay lost 1/3rd of its territory, and most of its male population War of the {Triple} Alliance
33%
Popular South American drink similar to Tereré in Paraguay Yerba Mate
31%
Second largest city, found near Iguazu Falls Ciudad del {Este}
25%
Western Paraguay is a part of this semiarid lowland plains region Gran {Chaco}
25%
No matching quizzes found
Score Distribution
Percent of People with Each Score
Percentile by Number Answered
Your Score History
You have not taken this quiz since the last reset